Ryanair bases 72 Quiz Stats

 Plays Quiz not verified by Sporcle

Score 0/72 Timer 15:00
0 Plays Today
Hint Answer % Correct
ATHAthens Greece
84.6%
BCNBarcelona Spain
84.6%
ALCAlicante Spain
69.2%
BHX Birmingham UK
69.2%
DUBDublin Ireland
69.2%
FAOFaro Portugal
69.2%
LISLisbon Portugal
69.2%
STNLondon Stansted UK
69.2%
MANManchester UK
69.2%
OPOPorto Portugal
69.2%
BLLBillund Denmark
61.5%
ORKCork Ireland
61.5%
LTN London Luton UK
61.5%
MADMadrid Spain
61.5%
AGPMalaga Spain
61.5%
SNNShannon Ireland
61.5%
VLCValencia Spain
61.5%
BRIBari Italy
53.8%
BRSBristol UK
53.8%
CPHCopenhagen Denmark
53.8%
EMAEast Midlands UK
53.8%
EDIEdinburgh Scotland
53.8%
GDNGdansk Poland
53.8%
LPLLiverpool UK
53.8%
WROWroclaw Poland
53.8%
BLQBologna Italy
46.2%
CGN Cologne Germany
46.2%
ACELanzarote Spain
46.2%
PSAPisa Italy
46.2%
AHOAlghero Italy
38.5%
CAGCagliari Italy
38.5%
CTACatania Italy
38.5%
EINEindhoven Netherlands
38.5%
FEZFez Morocco
38.5%
HHNFrankfurt Hahn Germany
38.5%
GLAGlasgow International Scotland
38.5%
Hint Answer % Correct
PIKGlasgow Prestwick Scotland
38.5%
LBALeeds Bradford UK
38.5%
MLAMalta Malta
38.5%
CIARome Ciampino Italy
38.5%
TFSTenerife South Spain
38.5%
BREBremen Germany
30.8%
CRLBrussels Charleroi Belgium
30.8%
BTSBratislava Slovakia
30.8%
KUNKaunas Lithuania
30.8%
KRKKrakow Poland
30.8%
BGY Milan Bergamo Italy
30.8%
PMOPalermo Italy
30.8%
BDSBrindisi Italy
23.1%
BRUBrussels Zaventem Belgium
23.1%
NRNDusseldorf Weeze Germany
23.1%
RYGOslo Rygge Norway
23.1%
PDLPonta Delgada Portugal
23.1%
FCORome Fumicino Italy
23.1%
FKBBaden-Baden Germany
15.4%
BUD Budapest T2 Hungary
15.4%
GROGirona Barcelona Spain
15.4%
SUFLamezia Italy
15.4%
RAKMarrakesh Morocco
15.4%
MRSMarseille (SB) France
15.4%
PFOPaphos Cyprus
15.4%
PSRPescara Italy
15.4%
SVQSeville Spain
15.4%
WMIWarsaw Modlin Poland
15.4%
BOHBournemouth (SB) UK
7.7%
LPAGran Canaria (Las Palmas) Spain
7.7%
PMIPalma Majorca Spain
7.7%
NYOStockholm Skavsta Sweden
7.7%
TPSTrapani Italy
7.7%
ZADZadar (SB) Croatia
7.7%
CHQChania (SB) Crete
0%
SKGThessaloniki Greece
0%

You're not logged in!

Compare scores with friends on all Sporcle quizzes.
OR
Log In

Sporcle TV

Today on Sporcle TV


Watch our educational content, quiz creation guides, and fun videos on Sporcle TV.

Show Comments

Extras

Created Jan 13, 2015ReportNominate
Tags:base, Nothing

Top Quizzes Today


Score Distribution

Your Account Isn't Verified!

In order to create a playlist on Sporcle, you need to verify the email address you used during registration. Go to your Sporcle Settings to finish the process.

Report this User

Report this user for behavior that violates our Community Guidelines.

Details: